01390nab a22001937a 4500003000400000005001700004008004100021040000700062100002600069245013000095300001300225505068500238505007200923650002300995650003001018650001401048700003101062773010301093OSt20260109015255.0190514b xxu||||| |||| 00| 0 spa d cPJ aBulesevich, Laura A. 10aDesafíos en la cuantificación de alimentos de las hijas e hijos con discapacidad /cLaura A. Bulesevich, Ana Clara Issin. ap. 45-53 aSumario: I. Introducción. “Visibilizando”.— II. Vinculación del proceso de crianza con el derecho a un nivel de vida adecuado. La corresponsabilidad parental.— III. La importancia de los índices oficiales en la cuantificación económica del cuidado.— IV. Alcances del término “cuidar”. Los lentes de la igualdad no admiten estereotipos.— V. La canasta de crianza como una medida de acción positiva del Estado.— VI. El contexto nos obliga a diferenciar para valorar. La discapacidad y su necesario abordaje.— VII. Las estadísticas grafican realidades. Personas con certificados de discapacidad.— VIII. Posible metodología de cuantificación. tSi te interesa el texto, comunicate a koha@justierradelfuego.gov.ar 0aDERECHO DE FAMILIA 0aPERSONAS CON DISCAPACIDAD 0aALIMENTOS aIssin, Ana Clara ecoautor0 02844dBuenos Aires : AbeledoPerrot, 1989-tDerecho de familia. N° 121 - Septiembre 2025z18511201